000 00305nam a22001457a 4500
020 _a81-7807-044-8
082 _a894.812.3
_bWIL/A
100 _aWILSON, SUDHA
245 _aANJUVINTE AAKASAM
260 _aALUVA
_bPEN BOOKS LTD
_c2001
300 _a96
520 _aNOVEL
650 _aNOVEL
942 _cBK
999 _c5278
_d5278